000
00328nam a2200145Ia 4500
008
151213s9999 xx 000 0 und d
100
_a
B. R. Mullik
245
_a
Byron
_c
B. R. Mullik
250
_a
4th
260
_a
Delhi
_b
S. Chand
_c
1971
300
_a
1863 p.
650
_a
English
700
_a
B. R. Mullik
999
_c
1368
_d
1368